Lieux par lettre - D - Statistiques

Statistiques générales
  • Ce quiz a été pris 1 451 fois
  • Le résultat moyen est 9 sur 20
Statistiques - réponses
Indice Lieu % Correct
Célèbre pour sa moutarde Dijon
93%
Pays de Hamlet Danemark
87%
Complexe touristique majeur, situé en Seine-et-Marne Disneyland Paris
65%
Premier État à avoir ratifié la Constitution des États-Unis Delaware
63%
Ville où se déroulent RoboCop, 8 Mile ou Gran Torino Détroit
60%
« Cité de Jean Bart », troisième port de France Dunkerque
54%
Ville où parle l'oracle d'Apollon Delphes
51%
Planète des sables, aussi appelée Arrakis Dune
49%
Île située entre l'archipel guadeloupéen et la Martinique Dominique
47%
Région du Soudan, théâtre d'une guerre civiledepuis 2003 Darfour
44%
Rue où réside le Premier ministre britannique Downing Street
42%
Ville allemande rasée par les bombardementslors de la Seconde Guerre mondiale Dresde
41%
L'état totalitaire de Panem en compte 12 Districts
38%
Ville de Balthazar Picsou et sa famille Donaldville
38%
Première capitale des omeyyades Damas
33%
Commune Suisse, accueillant le Forum économique mondial Davos
32%
Passage maritime reliant la mer Égée à la mer de Marmara Dardanelles
24%
Planète marécageuse où habite Yoda Dagobah
19%
Anciennement appelé Mont McKinley Denali
17%
Sur cette île, humains et dinosaures vivent en harmonie Dinotopia
10%
Aucun quiz correspondant
Distribution des résultats
% des personnes avec chaque résultat
Percentile par nombre de réponses
Votre historique - résultats
Vous n’avez pas pris ce quiz